The Silmarillion: All characters starting with N - Statistics

General Stats
  • This quiz has been taken 37 times
  • The average score is 5 of 6
Answer Stats
Hint Answer % Correct
One of the Valier, the sister of Orome and spouse of Tulkas: Nessa
92%
One of the Valier, Lady of pity and mourning: Nienna
84%
Spell-bound by Glaurung at Nargothrond, and in ignorance of her past wedded Turin; she died by casting herself into the Teiglin: Nienor
84%
Called the Wise. Daughter of Mahtan the smith, and wife of Feanor: Nerdanel
80%
Elf of Doriath who wedded Dior, Thingol's Heir. Slain in Menegroth in the attack by the sons of Feanor: Nimloth
72%
The horse of the Vala Orome: Nahar
64%
No matching quizzes found
Score Distribution
Percent of People with Each Score
Percentile by Number Answered
Your Score History
You have not taken this quiz